Agricultural meteorology / (Record no. 10230)
[ view plain ]
| 000 -LEADER | |
|---|---|
| fixed length control field | 00715cam a2200289ua 4500 |
| 041 ## - LANGUAGE CODE | |
| Language code of text/sound track or separate title | eng |
| 082 ## - DEWEY DECIMAL CLASSIFICATION NUMBER | |
| Classification number | 630.2515 |
| Item number | PRA/AG |
| 100 ## - MAIN ENTRY--AUTHOR NAME | |
| Personal name | Prasada Rao, G S L H V. |
| 245 ## - TITLE STATEMENT | |
| Title | Agricultural meteorology / |
| 250 ## - EDITION STATEMENT | |
| Edition statement | 1 / |
| 260 ## - PUBLICATION, DISTRIBUTION, ETC. (IMPRINT) | |
| Place of publication | Thrissur : |
| Name of publisher | Kerala Agricultural University , |
| Year of publication | 2003. |
| 300 ## - PHYSICAL DESCRIPTION | |
| Number of Pages | 326 ; . |
| 942 ## - ADDED ENTRY ELEMENTS (KOHA) | |
| Koha item type | Books |
| Withdrawn status | Lost status | Damaged status | Home library | Current library | Date acquired | Full call number | Accession Number | Koha item type |
|---|---|---|---|---|---|---|---|---|
| KAUAET | KAUAET | 07/04/2012 | 630.2515 | 20769 | Books | |||
| KAUAET | KAUAET | 07/04/2012 | 630.2515 | 20777 | Books | |||
| KAUAET | KAUAET | 07/04/2012 | 630.2515 | 20776 | Books | |||
| KAUAET | KAUAET | 07/04/2012 | 630.2515 | 20771 | Books | |||
| KAUAET | KAUAET | 07/04/2012 | 630.2515 | 20770 | Books | |||
| KAUAET | KAUAET | 07/04/2012 | 630.2515 | 20773 | Books | |||
| KAUAET | KAUAET | 07/04/2012 | 630.2515 | 20772 | Books | |||
| KAUAET | KAUAET | 07/04/2012 | 630.2515 | 20778 | Books | |||
| KAUAET | KAUAET | 07/04/2012 | 630.2515 | 20775 | Books | |||
| KAUAET | KAUAET | 07/04/2012 | 630.2515 | 20774 | Books |
